<?xml version="1.0" encoding="UTF-8"?><?xml-stylesheet type="text/xsl" href="static/style.xsl"?><OAI-PMH xmlns="http://www.openarchives.org/OAI/2.0/" xmlns:xsi="http://www.w3.org/2001/XMLSchema-instance" xsi:schemaLocation="http://www.openarchives.org/OAI/2.0/ http://www.openarchives.org/OAI/2.0/OAI-PMH.xsd"><responseDate>2026-06-01T09:55:05Z</responseDate><request verb="GetRecord" identifier="oai:riuma.uma.es:10630/19863" metadataPrefix="marc">https://riuma.uma.es/rest/oai/request</request><GetRecord><record><header><identifier>oai:riuma.uma.es:10630/19863</identifier><datestamp>2026-02-03T12:46:08Z</datestamp><setSpec>com_10630_2254</setSpec><setSpec>col_10630_37957</setSpec></header><metadata><record xmlns="http://www.loc.gov/MARC21/slim" xmlns:dcterms="http://purl.org/dc/terms/" xmlns:doc="http://www.lyncode.com/xoai" xmlns:xsi="http://www.w3.org/2001/XMLSchema-instance" xsi:schemaLocation="http://www.loc.gov/MARC21/slim http://www.loc.gov/standards/marcxml/schema/MARC21slim.xsd">
   <leader>00925njm 22002777a 4500</leader>
   <datafield ind2=" " ind1=" " tag="042">
      <subfield code="a">dc</subfield>
   </datafield>
   <datafield ind2=" " ind1=" " tag="720">
      <subfield code="a">Cámara-Almirón, Jesús</subfield>
      <subfield code="e">author</subfield>
   </datafield>
   <datafield ind2=" " ind1=" " tag="260">
      <subfield code="c">2020-09-29</subfield>
   </datafield>
   <datafield ind2=" " ind1=" " tag="520">
      <subfield code="a">Bacillus subtilis es una bacteria grampositiva del grupo de los Firmicutes, con bajo contenido en G + C, forma de bastón y catalasa positiva, distribuida de manera ubicua en la Naturaleza. Esta cepa de B. subtilis ha sido extensamente estudiada, entre muchos otros fines, con el objetivo de elucidar las distintas rutas de señalización y los diferentes mecanismos moleculares que gobiernan la formación de biofilm. Los biofilms son comunidades bacterianas complejas adheridas a superficies en las que existe una diferenciación funcional de las células bacterianas. La formación de biofilm se caracteriza por la síntesis y secreción de la matriz extracelular (MEC), que mantiene a las células íntimamente unidas entre sí y ejerce una función protectora sobre la población bacteriana. El soporte estructural de la MEC es proporcionado por un andamiaje proteico constituido por las fibras amiloides, compuestas por dos proteínas: TasA y TapA, que son procesadas por la peptidasa señal SipW, codificada en el mismo operón tapA-sipW-tasA. TasA es el amiloide funcional mayoritario, mientras que TapA es una proteína accesoria que favorece la polimerización y las ancla estas fibras a la superficie celular. Los resultados experimentales derivados de esta tesis doctoral nos han permitido obtener las siguientes conclusiones: i) TasA y TapA son proteínas de naturaleza amiloide, capaces de autoensamblarse en entidades moleculares con un pliegue estructural similar, lo que sugiere un posible co-ensamblaje in vivo de ambas proteínas; ii) TasA tiene una función dual en B. subtilis: por un lado, tiene una función estructural como parte de la MEC y por otro, actúa manteniendo la estabilidad celular previniendo la muerte celular prematura de la población; y iii) TasA es una proteína presente en la membrana celular implicada en el control de la dinámica de la membrana y la estabilidad de esta estructura celular.</subfield>
   </datafield>
   <datafield ind1="8" ind2=" " tag="024">
      <subfield code="a">https://hdl.handle.net/10630/19863</subfield>
   </datafield>
   <datafield tag="653" ind2=" " ind1=" ">
      <subfield code="a">Amiloide - Tesis doctorales</subfield>
   </datafield>
   <datafield tag="653" ind2=" " ind1=" ">
      <subfield code="a">Biofilms - Tesis doctorales</subfield>
   </datafield>
   <datafield tag="653" ind2=" " ind1=" ">
      <subfield code="a">Bacillus subtilis - Tesis doctorales</subfield>
   </datafield>
   <datafield tag="653" ind2=" " ind1=" ">
      <subfield code="a">Matriz extracelular - Tesis doctorales</subfield>
   </datafield>
   <datafield tag="653" ind2=" " ind1=" ">
      <subfield code="a">Membrana celular - Tesis doctorales</subfield>
   </datafield>
   <datafield ind2="0" ind1="0" tag="245">
      <subfield code="a">Structural and functional study of bacterial amyloids in bacillus subtilis</subfield>
   </datafield>
</record>
</metadata></record></GetRecord></OAI-PMH>